00989cam1a220025300 4500001001200000008004100012010002200053015000900075020001500084035002000099035002700119035002200146050002100168082001100189100003000200245006900230260003100299490003100330490003400361504003000395600028100425650002200706004000700728lcf00117854750505s1974 fr b 000 0 fre  a 75505279 //r84 aF*** a2030350249 a(Sirsi) r123618 a(DLC) 75505279 //r84 a(UPRA)lcf001178540 aPQ2220.D723bZ62 a841/.81 aBouche, Claude.6A91693.110aLautreamont :bdu lieu commun a la parodie /cpar Claude Bouche. aParis :bLarousse,c[1974]0 aThemes et textes6S10235.10 aLarousse universite6S13635.1 aBibliography: p. 251-253.10aLautreamont, comte de, 1846-1870 -- Criticism and interpretation.cLautreamont, comte de, 1846-1870 -- Criticism and interpretation.dLautreamont, comte de, 1846-1870 -- Criticism and interpretation.xLautreamont, comte de, 1846-1870 -- Criticism and interpretation.6S65651.1 0aParody.6S65236.1123618